| 000 | 00357nam a2200145Ia 4500 | ||
|---|---|---|---|
| 100 | _aElectronics Mobbyist | ||
| 650 | _aElectrical Engineering | ||
| 942 | _cBK | ||
| 654 | _aIntroduction to Colour T.V. | ||
| 245 | _aIntroductioin to Colour T.V | ||
| 260 |
_bBusiness promotion _aDelhi _c1983 |
||
| 082 | _a621.38804 | ||
| 300 | _a128 | ||
| 546 | _aENGLISH | ||
| 999 |
_c31429 _d31429 |
||